10 największych miast województwa opolskiego - Statystyki

Ogólne statystyki
  • Ten quiz został rozwiązany 19 razy
  • Średni wynik to 8 z 10
Statystyki odpowiedzi
Ludność Miasto % Poprawnych
126 077 Opole
100%
33 403 Brzeg
88%
54 387 Kędzierzyn Koźle
88%
40 685 Nysa
88%
22 033 Kluczbork
75%
16 818 Namysłów
75%
18 974 Prudnik
69%
15 282 Krapkowice
63%
16 975 Strzelce Opolskie
63%
12 621 Głuchołazy
56%
Nie znaleziono quizów pasujących do podanych kryteriów
Rozkład punktacji
Procent ludzi z każdym wynikiem
Percentyl według liczby udzielonych odpowiedzi
Twoja historia wyników
Nie rozwiązałeś tego quizu